000 00235nam a22001097a 4500
082 _aKAT
100 _aKatz, Randy M.
245 _aContemporary Logic Design
260 _aNew Delhi:
_bPearson,
_c2005.
300 _a448p. ;
942 _cBK
999 _c57274
_d57271